000 00872nas a2200289 4500
001 BR2012001233
003 BR-BrBNA
005 20231205120228.0
007 ta
008 230509b bl.|||p| |||| 00| 00por d
040 _aBR-BrBNA
_bpor
_cBiblioteca Nacional de Agricultura
041 _a(Pt)
072 _aF50
100 1 _aNisgoski, S.
100 1 _aTrianoski, R.
100 1 _aMuniz, G.I.B. de
100 1 _aMatos, J.L.M. de
100 1 _aBatista, F.R.R.
245 1 _aAnatomia da madeira de Toona ciliata características das fibras para produção de papel
650 _aCEDRO AUSTRALIANO
650 _aÁRVORE ANGIOSPERMA
650 _aMADEIRA
650 _aANATOMIA VEGETAL
773 0 _tFloresta (Brazil)
_xISSN 0015-3826
_g(Oct-Dec 2011), v. 41(4) p. 717-728
_wBR2012001233
909 _a202311
_bLúcia
_c55
_dLúcia Elande
942 _2AGRIS
_n0
_cANA
999 _c217527
_d217527